00605nam a22001817a 450000500170000001000150001702000270003202000240005903500130008303700130009608200120010910000180012124500780013926000380021727000650025530000530032050000500037320150119155414.0 aENG-111584 a9789383243051c2800.00 a9383243058c2800.00 aEN-95116 aDBAD/PUB a954.918 aRaza,Rosemary aRepresenting Sindh :bimages of the British encounter /cby Rosemary Raza aMumbaibThe Marg Foundationc2014 aArmy & Navy Building,3rd Floor 148,M.G.Road,bMumbaie400001 aV.66 no.2(140p.) :c30cm(Hb)bill.(chiefly col.) aIncludes bibliographical references and index